书目信息 |
| 题名: |
自动化生产线安装与调试项目化教程
|
|
| 作者: | 马静 , 胡素梅 , 张学芳 主编 | |
| 分册: | ||
| 出版信息: | 北京 北京理工大学出版社 2021 |
|
| 页数: | 201页 | |
| 开本: | 26cm | |
| 丛书名: | ||
| 单 册: | ||
| 中图分类: | TP278 | |
| 科图分类: | ||
| 主题词: | 自动生产线--zi dong sheng chan xian--安装--教材 , 自动生产线--zi dong sheng chan xian--调试方法--教材 | |
| 电子资源: | ||
| ISBN: | 978-7-5682-7524-8 | |
| 000 | 01174nam0 2200277 450 | |
| 001 | 2356307344 | |
| 005 | 20231223151952.30 | |
| 010 | @a978-7-5682-7524-8@dCNY38.00 | |
| 100 | @a20230816d2021 em y0chiy50 ea | |
| 101 | 0 | @achi |
| 102 | @aCN@b110000 | |
| 105 | @aak a 000yy | |
| 200 | 1 | @a自动化生产线安装与调试项目化教程@Azi dong hua sheng chan xian an zhuang yu tiao shi xiang mu hua jiao cheng@f马静, 胡素梅, 张学芳主编@FMa Jing,Hu Su Mei,Zhang Xue Fang Zhu Bian |
| 210 | @a北京@c北京理工大学出版社@d2021 | |
| 215 | @a201页@c图@d26cm | |
| 300 | @a示范性高等职业院校建设校企合作特色教材 | |
| 320 | @a有书目 (第201页) | |
| 330 | @a本书共分六个单元, 每个单元中根据学习内容的不同又分为若干个项目。单元一介绍了自动化生产线及相关技术等内容, 单元二至单元六分别介绍了供料站、加工站、装配站、分拣站及搬运站等五个站的安装与调试等内容。 | |
| 606 | 0 | @a自动生产线@Azi dong sheng chan xian@x安装@j教材 |
| 606 | 0 | @a自动生产线@Azi dong sheng chan xian@x调试方法@j教材 |
| 690 | @aTP278@v5 | |
| 701 | 0 | @a马静@Ama jing@4主编 |
| 701 | 0 | @a胡素梅@Ahu su mei@4主编 |
| 701 | 0 | @a张学芳@Azhang xue fang@4主编 |
| 801 | 0 | @aCN@b湖北三新@c20230816 |
| 905 | @aZUCC@dTP278@e1 | |
| 自动化生产线安装与调试项目化教程/马静, 胡素梅, 张学芳主编.-北京:北京理工大学出版社,2021 |
| 201页:图;26cm |
| 示范性高等职业院校建设校企合作特色教材 |
| ISBN 978-7-5682-7524-8:CNY38.00 |
| 本书共分六个单元, 每个单元中根据学习内容的不同又分为若干个项目。单元一介绍了自动化生产线及相关技术等内容, 单元二至单元六分别介绍了供料站、加工站、装配站、分拣站及搬运站等五个站的安装与调试等内容。 |
| ● |
| 相关链接 |
|
|
|
正题名:自动化生产线安装与调试项目化教程
索取号:TP278/1
 
预约/预借
| 序号 | 登录号 | 条形码 | 馆藏地/架位号 | 状态 | 备注 |
| 1 | 2001371763 | 2001371763 | 516书库/ [索取号:TP278/1] | 在馆 | |
| 2 | 2001371764 | 2001371764 | 516书库/ [索取号:TP278/1] | 在馆 | |
| 3 | 2001371765 | 2001371765 | 516书库/ [索取号:TP278/1] | 在馆 | |
| 4 | 2001371766 | 2001371766 | 516书库/ [索取号:TP278/1] | 在馆 | |
| 5 | 2001371767 | 2001371767 | 516书库/ [索取号:TP278/1] | 在馆 | |
| 6 | 2001371768 | 2001371768 | 516书库/ [索取号:TP278/1] | 在馆 | |
| 7 | 2001371769 | 2001371769 | 516书库/ [索取号:TP278/1] | 在馆 | |
| 8 | 2001371770 | 2001371770 | 516书库/ [索取号:TP278/1] | 在馆 | |
| 9 | 2001371771 | 2001371771 | 516书库/ [索取号:TP278/1] | 在馆 | |
| 10 | 2001371772 | 2001371772 | 516书库/ [索取号:TP278/1] | 在馆 | |
| 11 | 2001371773 | 2001371773 | 516书库/ [索取号:TP278/1] | 在馆 | |
| 12 | 2001371774 | 2001371774 | 516书库/ [索取号:TP278/1] | 在馆 | |
| 13 | 2001371775 | 2001371775 | 516书库/ [索取号:TP278/1] | 在馆 | |
| 14 | 2001371776 | 2001371776 | 516书库/ [索取号:TP278/1] | 在馆 | |
| 15 | 2001371777 | 2001371777 | 516书库/ [索取号:TP278/1] | 在馆 | |
| 16 | 2001371778 | 2001371778 | 516书库/ [索取号:TP278/1] | 在馆 | |
| 17 | 2001371779 | 2001371779 | 516书库/ [索取号:TP278/1] | 在馆 | |
| 18 | 2001371780 | 2001371780 | 516书库/ [索取号:TP278/1] | 在馆 | |
| 19 | 2001371781 | 2001371781 | 516书库/ [索取号:TP278/1] | 在馆 | |
| 20 | 2001371782 | 2001371782 | 516书库/ [索取号:TP278/1] | 在馆 | |
| 21 | 2001371783 | 2001371783 | 516书库/ [索取号:TP278/1] | 在馆 | |
| 22 | 2001371784 | 2001371784 | 516书库/ [索取号:TP278/1] | 在馆 | |
| 23 | 2001371785 | 2001371785 | 516书库/ [索取号:TP278/1] | 在馆 | |
| 24 | 2001371786 | 2001371786 | 516书库/ [索取号:TP278/1] | 在馆 | |
| 25 | 2001371787 | 2001371787 | 516书库/ [索取号:TP278/1] | 在馆 | |
| 26 | 2001371788 | 2001371788 | 516书库/ [索取号:TP278/1] | 在馆 | |
| 27 | 2001371789 | 2001371789 | 516书库/ [索取号:TP278/1] | 在馆 | |
| 28 | 2001371790 | 2001371790 | 516书库/ [索取号:TP278/1] | 在馆 | |
| 29 | 2001371791 | 2001371791 | 516书库/ [索取号:TP278/1] | 在馆 | |
| 30 | 2001371792 | 2001371792 | 516书库/ [索取号:TP278/1] | 在馆 |